BIBLIOTECA

SENCICO

La orientación profesional y académica en la formación profesional técnica / (Registro nro. 375)

Detalles MARC
000 -LEADER
fixed length control field 01012nam a2200253Ia 4500
003 - CONTROL NUMBER IDENTIFIER
control field PE SENCICO BE
005 - DATE AND TIME OF LATEST TRANSACTION
control field 20251020182435.0
008 - FIXED-LENGTH DATA ELEMENTS--GENERAL INFORMATION
fixed length control field 200515s9999 xx 000 0 und d
040 ## - CATALOGING SOURCE
Original cataloging agency PE SENCICO BE
Transcribing agency PE SENCICO BE
041 ## - LANGUAGE CODE
Language code of text/sound track or separate title spa
082 ## - DEWEY DECIMAL CLASSIFICATION NUMBER
Classification number 378.013
Item number H28
100 1# - MAIN ENTRY--PERSONAL NAME
Personal name Haya de la Torre, Raúl
9 (RLIN) 3057
Relator term autor
245 10 - TITLE STATEMENT
Title La orientación profesional y académica en la formación profesional técnica /
Statement of responsibility, etc. Raúl Haya de la Torre
250 ## - EDITION STATEMENT
Edition statement 1a ed.
260 ## - PUBLICATION, DISTRIBUTION, ETC.
Place of publication, distribution, etc. Lima :
Name of publisher, distributor, etc. FORTEPE ;
Date of publication, distribution, etc. 2001
300 ## - PHYSICAL DESCRIPTION
Extent 71 páginas :
Other physical details tablas ;
Dimensions 24 cm.
490 ## - SERIES STATEMENT
Series statement Plan de formación del profesorado
500 ## - GENERAL NOTE
General note En la cubierta: Programa marco de formación profesional tecnológica y pedagógica en Perú
505 0# - FORMATTED CONTENTS NOTE
Formatted contents note Identificación de la información sobre el mundo del trabajo -- Respuesta del IST a las necesidades de calificación y empleabilidad
650 10 - SUBJECT ADDED ENTRY--TOPICAL TERM
Topical term or geographic name entry element Formación profesional
9 (RLIN) 1311
650 20 - SUBJECT ADDED ENTRY--TOPICAL TERM
Topical term or geographic name entry element Formación técnica
9 (RLIN) 3058
650 20 - SUBJECT ADDED ENTRY--TOPICAL TERM
Topical term or geographic name entry element Orientación profesional
9 (RLIN) 1354
942 ## - ADDED ENTRY ELEMENTS (KOHA)
Koha item type Libros
Source of classification or shelving scheme Dewey Decimal Classification
Existencias
Fecha de la última vez que lo usaron Número de ingreso o de inventario Pago total Signatura topográfica completa Código de barras Precio efectivo desde Tipo de documento Estado perdido Sistema de clasificación Estado dañado No es para préstamo Retirado Ubicación permanente Ubicación actual Fecha de adquisición
15/05/2020 11848   378.013/H28 BibLima25050004 15/05/2020 Libros   Dewey Decimal Classification       Biblioteca Central Lima Biblioteca Central Lima 15/05/2020